Beeldenaer ofte figuer-boeck dienende op de nieuwe ordonnantie vander munte gearresteert ende uytgegeven by de ... Staten Generael der Vereenichde Nederlanden, op den sesten julij 1610.

Bibliographic Details
Corporate Author: United Provinces of the Netherlands
Format: eBook
Language:Dutch
Published: In s' Graven-haghe : By Hillebrant Iacobssz, 1613.
Series:Making of the modern world (Goldsmiths'-Kress Library of Economic Literature)
Subjects:
Online Access:Connect to the full text of this electronic book

MARC

Tag First Indicator Second Indicator Subfields
LEADER 00000cam a2200000La 4500
001 in00002293021
005 20190326195516.0
006 m | d |
007 cr |n||||||||n
008 881010s1613 xx a s f000 0 dut d
040 |a GKS  |c GKS  |d OCL  |d Thomson Gale  |d UtOrBLW 
043 |a e------ 
110 1 |a United Provinces of the Netherlands. 
245 1 0 |a Beeldenaer ofte figuer-boeck dienende op de nieuwe ordonnantie vander munte gearresteert ende uytgegeven by de ... Staten Generael der Vereenichde Nederlanden, op den sesten julij 1610. 
264 1 |a In s' Graven-haghe :  |b By Hillebrant Iacobssz,  |c 1613. 
300 |a 76 unnumbered pages :  |b illustrations 
336 |a text  |b txt  |2 rdacontent 
337 |a computer  |b c  |2 rdamedia 
338 |a online resource  |b cr  |2 rdacarrier 
500 |a "In welcke gerepresenteert zijn alle de figueren van goude ende silvere munte cours ende ganck hebbende in erachte der selver ordonnantie, ende boven welcken gheene tot anderen prijse ontfanghen ofte besteet sullen moghen werden." 
500 |a Reproduction of original from Goldsmiths' Library, University of London. 
500 |a Goldsmiths'-Kress number 00425. 
510 4 |a OCLC,  |c 20889708 
533 |a Electronic reproduction.  |b Farmington Hills, Mich. :  |c Thomson Gale,  |d 2005.  |f (The making of the modern world).  |n Available via the World Wide Web.  |n Access limited to licensing agreements.  |7 s2005 miunns 
500 |a Electronic resource. 
650 0 |a Foreign exchange  |v Early works to 1800. 
650 0 |a Coins, European  |v Early works to 1800. 
655 0 |a Electronic books. 
830 0 |a Making of the modern world (Goldsmiths'-Kress Library of Economic Literature) 
856 4 0 |u http://proxy.library.tamu.edu/login?url=http://galenet.galegroup.com/servlet/MOME?af=RN&ae=U110150824&srchtp=a&ste=14&locID=txshracd2898  |z Connect to the full text of this electronic book  |t 0 
999 |a MARS 
999 f f |s ab33a6f1-86d1-37c3-b6b0-76c3652ed88d  |i 91880fa7-ff4d-3a05-ad7a-c265d0f7a8d1  |t 0 
952 f f |a Texas A&M University  |b College Station  |c Electronic Resources  |d Available Online  |t 0  |h No information provided 
998 f f |t 0  |l Available Online